Statistiken für Deutscher Kader der Fußballweltmeisterschaft 1954

Klicken Sie hier um das Quiz zu spielen!

Allgemein

  • Dieses Quiz wurde 148 mal gespielt
  • Das Durchschnittsergebnis liegt bei 11 aus 22

Antwortstatistiken

TorwartAntwort% Korrekt
1. FC KaiserslauternFritz Walter
96%
Rot-Weiss EssenHelmut Rahn
96%
1. FC KaiserslauternOttmar Walter
95%
Fortuna DüsseldorfToni Turek
85%
1. FC NürnbergMax Morlock
75%
1. FC KaiserslauternHorst Eckel
71%
1. FC KölnHans Schäfer
69%
Hamburger SVJupp Posipal
57%
SpVgg FürthCharly Mai
52%
1. FC KaiserslauternWerner Liebrich
52%
1. FC KaiserslauternWerner Kohlmeyer
50%
Borussia DortmundHeinz Kwiatkowski
39%
FC Schalke 04Berni Klodt
37%
Frankfurter SG EintrachtAlfred Pfaff
32%
FSV FrankfurtRichard Herrmann
30%
Bayern MünchenHans Bauer
28%
FK PirmasensHeinz Kubsch
28%
Hamburger SVFritz Laband
27%
SpVgg FürthHerbert Erhardt
26%
Hessen KasselKarl-Heinz Metzner
25%
BC AugsburgUlrich Biesinger
22%
1. FC KölnPaul Mebus
20%

Verteilung der Resultate

Perzentil nach korrekt beantworteten Fragen

Anzahl Personen mit jedem Resultat

Ihre Resultats-Entwicklung

Sie haben dieses Quiz noch nicht gespielt